1942 1824 1035 1054 1979 1286 1268 1105 1213 1102 1407 1426 1510 1469 1273 1557 1754 1082 1367 1779 1882 1420 1693 1243 1195 1689 1998 1444 1497 1331 1443 1985 1268 1988 1203 1981 1832 1234 1928 1431 1824 1726 1235 1328 1083 1501 1547 1725 1552 1450 1478 1840 1832 1835 1551 1882 1386 1195 1778 1353 1183 1388 1339 1545 1825 1646 1425 1613 1560 1016 1715 1486 1505 1723 1205 1143 1930 1118 1644 1159 1659 1772 1292 1340 1834 1964 1254 1649 1131 1041 1446 1727 1717 1644 1509 1830 1610 1250 1987 BCNSPRNW ULIB Ver.6.0+V

เปลี่ยนเป็นภาษาไทย

Change to English
 แสดงรายละเอียดบรรณานุกรม
  กลับหน้าหลัก

Brief Record : Get Marc (ISO 2709) : E-mail record : QR code < ปิดหน้าต่าง
LEADER : 00000nam a2200000Ia 4500
001    13399115146
003     ULIB
008    100903s2551 th a j 000 0 tha d
020    ^a9789748327907
041 1  ^atha^hkor
050  4 ^aPZ90.T5^bค238มย
100 1  ^aคัง, จู ฮยอน
245 10 ^aไม่ยากถ้าอยากน่าคบ =^bFriend you like, friend you hate /^cคัง, จู ฮยอน
246 31 ^aFriend you like, friend you hate
250    ^aพิมพ์ครั้งที่ 3
260    ^aกรุงเทพฯ :^bนานมีบุ๊คส์พับลิเคชั่นส์,^c2551
300    ^a206 หน้า :^bภาพประกอบ ;^c19 ซม.
490 0  ^aชุดเคล็ดลับพัฒนาตนเองจากเกาหลี
650  4 ^aการ์ตูน
650  4 ^aความดี
700 0  ^aธนวดี บุญล้วน,^eผู้แปล
700 12 ^aKang, Joo Hyun.^tFriend you like, friend you hate
945    ^p155^l0^i19139
995    ^a เกษร
999 ^a ใช้งานได้ทุกระบบ
รายการนี้ยังไม่มีแท็ก
คุณยังไม่ได้ล็อกอิน คุณสามารถมีกิจกรรมร่วมกับเว็บไซต์ได้ แต่ต้องล็อกอินก่อน ::
  ล็อกอิน

รายการสื่อสารสนเทศ

ลำดับที่ ประเภท เลขเรียก/บาร์โค้ด สถานที่ สถานะ
- ไม่พบข้อมูล -

รายการใกล้เคียง
    หัวเรื่อง [การ์ตูน]
    หัวเรื่อง [ความดี]

BibComment


ยังไม่เคยถูกคอมเมนท์

คอมเมนท์ทรัพยากรรายการนี้
  คอมเมนท์: ไม่ยากถ้าอยากน่า..


 Copyright 2026. Bcnsprnw @Library